<?xml version="1.0" encoding="UTF-8"?>
<collection xmlns="http://www.loc.gov/MARC21/slim">
 <record>
  <leader>00540nam a22001695a 4500</leader>
  <controlfield tag="001">EHU.bham052802</controlfield>
  <controlfield tag="008">260225s2017####sp############000#0#####d</controlfield>
  <controlfield tag="005">20260225111838.0</controlfield>
  <datafield tag="245" ind1="0" ind2="0">
   <subfield code="a">Hume :</subfield>
   <subfield code="b">cuándo saber ser escéptico /</subfield>
   <subfield code="c">Gerardo López Sastre.</subfield>
  </datafield>
  <datafield tag="260" ind1=" " ind2=" ">
   <subfield code="a">Barcelona :</subfield>
   <subfield code="b">EMSE EDAPP,</subfield>
   <subfield code="c">2017.</subfield>
  </datafield>
  <datafield tag="020" ind1=" " ind2=" ">
   <subfield code="a">9788447130665</subfield>
  </datafield>
  <datafield tag="100" ind1="1" ind2=" ">
   <subfield code="a">López Sastre, Gerardo.</subfield>
  </datafield>
  <datafield tag="082" ind1="9" ind2="8">
   <subfield code="a">192.07 L864</subfield>
  </datafield>
  <datafield tag="653" ind1=" " ind2=" ">
   <subfield code="a">Filosofía inglesa</subfield>
  </datafield>
  <datafield tag="653" ind1=" " ind2=" ">
   <subfield code="a">Filosofía escocesa</subfield>
  </datafield>
  <datafield tag="600" ind1="1" ind2="7">
   <subfield code="a">Hume, David.</subfield>
  </datafield>
  <datafield tag="859" ind1=" " ind2=" ">
   <subfield code="a">AR-BHAM</subfield>
   <subfield code="b">BIB. HUMANIDADES - General</subfield>
   <subfield code="h">192.07</subfield>
   <subfield code="i">L864</subfield>
   <subfield code="p">276.25</subfield>
   <subfield code="t">Ej.1</subfield>
  </datafield>
 </record>
</collection>
